| 000 | 01231nam0a22002891 4500 | ||
|---|---|---|---|
| 001 | rc\652980 | ||
| 005 | 20250621200558.0 | ||
| 035 | _a(NLR Aleph) 005892858 | ||
| 090 |
_a6195777 _c6195777 |
||
| 100 | _a20031121d1986 |||y0rusy50 ca | ||
| 101 | 0 | _arus | |
| 102 | _aRU | ||
| 105 | _aa ||||||||| | ||
| 200 | 1 | _aТехнологические процессы очистки полости магистральных газопроводов | |
| 210 |
_aМ. _cВНИИЭгазпром _d1986 |
||
| 215 |
_a43, [1] с. _cил. _d20 |
||
| 225 | 1 |
_aГазовая промышленность _iСерия "Транспортировка и хранение газа" _eОбзор. информ. _fВНИИ экономики, орг. пр-ва и техн.-экон. информ. в газовой пром-сти _vВып. 9 |
|
| 300 | _aАвт. указаны на 2 с. обл. | ||
| 300 | _aВ надзаг. также: М-во газовой пром-сти | ||
| 320 | _aБиблиогр.: с. 43 | ||
| 700 | 1 |
_aТоут _bА.И. _gАлександр Иосифович |
|
| 701 | 1 |
_aБерезин _bВ.Л. |
|
| 801 | 0 |
_aRU _bNLR _gpsbo |
|
| 801 | 1 |
_aRU _bELAR _2rusmarc |
|
| 852 |
_aNLR _jП22/4513 |
||
| 942 | _cBOOK | ||
| 980 | _aNB | ||